000 00336nam a22001337a 4500
008 181105b xxu||||| |||| 00| 0 eng d
020 _a0938644335
041 _aeng
080 _a941
100 _a45
101 _aART
245 _aEmpires Beyond The Great Wall The Heritage Of Genghis Khan
_cKessleR.A T
942 _2udc
_cBK
999 _c51886
_d51886